Surface warships : an introduction to design principles /

Bibliographic Details
Main Author: Gates, P. J.
Format: Book
Language:English
Published: London ; Washington : Brassey's Defence Publishers, 1987.
Edition:1st ed.
Series:Brassey's sea power ; v. 3.
Subjects:

MARC

Tag First Indicator Second Indicator Subfields
LEADER 00000cam a2200000 a 4500
001 in00000033206
005 20151007060528.0
008 870616s1987 enka b 00110 eng
010 |a  87016082  
020 |a 0080347533 :  |c $25.50 (est.) 
020 |a 0080347541 (soft) :  |c $14.90 (est.) 
035 |a (OCoLC)16128908 
035 |9 AAC1059AM 
040 |a DLC  |c DLC  |d UtOrBLW 
049 |a TXAM  |c [A11647074]  |a TXAS [mil] 
050 0 0 |a V800  |b .G38 1987 
082 0 |a 623.8/25  |2 19 
100 1 |a Gates, P. J. 
245 1 0 |a Surface warships :  |b an introduction to design principles /  |c P.J. Gates. 
250 |a 1st ed. 
264 1 |a London ;  |a Washington :  |b Brassey's Defence Publishers,  |c 1987. 
300 |a xx, 193 pages :  |b illustrations ;  |c 26 cm. 
336 |a text  |b txt  |2 rdacontent 
337 |a unmediated  |b n  |2 rdamedia 
338 |a volume  |b nc  |2 rdacarrier 
490 1 |a Brassey's sea power ;  |v v. 3 
504 |a Bibliography: pages 179-180. 
500 |a Includes index. 
650 0 |a Warships  |x Design and construction. 
650 0 |a Naval art and science. 
830 0 |a Brassey's sea power ;  |v v. 3. 
999 |a MARS 
999 f f |s 74cae9c0-720d-361c-8843-6f1d9d40a0fd  |i 33bec2f8-ac2f-385e-899d-4d8a1a867202  |t 0 
952 f f |p ric  |a Texas A&M University  |b Rellis Campus  |c Joint Library Facility  |d Remote Storage  |t 0  |e V800 .G38 1987  |h Library of Congress classification  |i unmediated -- volume  |m A14811647074 
952 f f |p noncirc  |a Texas A&M University  |b College Station  |c Cushing Memorial Library & Archives  |d Cushing: Ragan Military (Does not check out)  |t 0  |e V800 .G38 1987  |h Library of Congress classification  |i unmediated -- volume 
998 f f |a V800 .G38 1987  |t 0  |l Remote Storage 
998 f f |a V800 .G38 1987  |t 0  |l Cushing: Ragan Military (Does not check out)